| 000 | 00649nam a2200217Ia 4500 | ||
|---|---|---|---|
| 001 | 5082 | ||
| 003 | GE_BSU | ||
| 008 | 181216s||||||||xx |||||||||||||| ||und|| | ||
| 040 | _cGE_BSU | ||
| 080 | _a510(092) | ||
| 100 | _aВинер, Норберт | ||
| 245 | _aЯ-математик | ||
| 245 | _cРед. А.М. Яглом, В.В. Донченко Сокращ. пер. с английского Ю.С.Родман | ||
| 250 | _aИзд-2-е | ||
| 260 | _aМосква | ||
| 260 | _bНаука Гл. ред. физ- матем. лит-ры | ||
| 260 | _c1976 | ||
| 300 | _a353 с. 20 см. | ||
| 653 | _aЯ-математик | ||
| 942 | _cBK | ||
| 999 |
_c38752 _d38752 |
||